| 000 | 01110nam a2200373 i 4500 | ||
|---|---|---|---|
| 001 | 2018379141 | ||
| 005 | 20240305165708.0 | ||
| 006 | m o d | ||
| 007 | cr un ---uuuua | ||
| 008 | 180316s2018 enk o 001 0 eng d | ||
| 010 | _a 2018379141 | ||
| 020 |
_a9780854902415 _q(pbk.) |
||
| 020 | _a0854902414 | ||
| 035 | _a42482 | ||
| 040 |
_aUtOrBLW _beng _erda _cUtOrBLW |
||
| 042 | _apcc | ||
| 043 | _ae-uk-en | ||
| 050 | 0 | 0 |
_aKD2051 _b.B47 2018 |
| 082 | 0 | 4 |
_a346.410682 _223 |
| 100 | 1 |
_aBerry, Elspeth, _eauthor. |
|
| 245 | 1 | 0 |
_aPartnership and LLP law / _cElspeth Berry. |
| 250 | _aSecond edition. | ||
| 264 | 1 |
_aLondon : _bWildy, Simmonds & Hill Publishing, _c2018. |
|
| 300 | _a1 online resource (xlii, 248 pages) | ||
| 336 |
_atext _btxt _2rdacontent |
||
| 337 |
_acomputer _bc _2rdamedia |
||
| 338 |
_aonline resource _bcr _2rdacarrier |
||
| 500 | _aIncludes index. | ||
| 650 | 0 |
_aPartnership _zEngland. |
|
| 650 | 0 |
_aLimited partnership _zEngland. |
|
| 650 | 0 |
_aLimited liability partnership _zEngland. |
|
| 856 | 4 | 0 | _uhttps://app.vlex.com/#/sources/42482 |
| 942 | _cRAA | ||
| 999 |
_c173815 _d173815 |
||